| 000 | 01272nam a22002297a 4500 | ||
|---|---|---|---|
| 999 |
_c62770 _d62770 |
||
| 003 | Ge_BSU | ||
| 005 | 20250211102332.0 | ||
| 008 | 250211s2017 ge ||||| |||| 00| 0 geo d | ||
| 020 | _a9789941408755 | ||
| 041 | _ageo | ||
| 080 | _a378.245:338.22 ჩ-72 | ||
| 100 |
_aჩიხლაძე, ნიკო _924305 |
||
| 245 |
_aროგორ დავწეროთ სადოქტორო ნაშრომი : _b(კონცენტრაცია - ეკონომიკა, ბიზნესის ადმინისტრირება) / _cნიკო ჩიხლაძე; რედ. ნესტან კუტივაძე. |
||
| 264 |
_aქუთაისი : _bაკ. წერეთლის სახელმწ. უნ-ტის გამ-ბა, _c2017. |
||
| 300 |
_a117 გვ. : _bნახ. ; _c20 სმ. |
||
| 504 | _aბიბლიოგრ. ტექსტის შენიშვნებში და გვ. 111-113. | ||
| 520 | _aრეზ. ინგლ. ენაზე. | ||
| 653 | _aბიზნესი | ||
| 653 | _aსადოქტორო დისერტაცია | ||
| 700 |
_aკუტივაძე, ნესტან _eრედაქტორი _913353 |
||
| 942 |
_2udc _cᲬᲘᲒᲜᲘ |
||